000 00953nam a2200229 a 4500
008 080930s2008 ||||||||||||||||| || u
020 _a9780821367629
050 _aIBRD(06)ED/2008/3
100 _aAhmed, Kulsum
245 1 0 _aStrategic environmental assessment for policies: an instrument for good governance
_cEdited by Kulsum Ahmed and Ernesto Sanchez-Triana
260 _aWashington, D.C.
_bWorld Bank
_c2008
300 _axiv, 219p.: ill
350 _a0.00
490 _aEnvironment and development
650 _aSUSTAINABLE DEVELOPMENT--ARAB REGION
650 _aSTRATEGIC PLANNING--ENVIRONMENTAL ASPECTS
650 0 _aENVIRONMENTAL IMPACT ANALYSIS
650 0 _aENVIRONMENTAL POLICY--MACEDONIA
700 _aSanchez-Triana, Ernesto
710 _aWorld Bank
995 _D0.00
_FCBU-MAIN LIBRARY (Kitwe)
_H1
_I0.00
_M1
_UAVAILABLE
_WOct 1, 2008
_ZInternational Publications
999 _c58490
_d58490